000 00845nam a2200253Ia 4500
003 OSt
005 20221005113545.0
006 a|||||r|||| 00| 0
007 ta
008 221004b |||||||| |||| 00| 0 pan d
020 _a9789383904846 (pbk)
_cINR 80.00
024 _a45272
037 _b171, 15/02/2019, National Book Shop
_cTextual
040 _aCRL
_cCRL
_bpan
041 _2pan
_apan
082 _aL:573, 153Q8
100 _aਖੇੜੀ, ਦਰFਨ, ਂਚ.
245 0 _aਕੀ ਖਾਣਾ ਲੋੜੀਏ <
260 _aਲੁਧਿਆਨਾ
_bਬਾਦਬਾਨ ਪ੍ਰਕਾFਨ ਭਾਰਤ
_c2018
300 _a79ਪ੍ਰ0
_ccm.
650 _aਦਵਾਈ
942 _hL:573, 153Q8
_cTEXL
_2cc
999 _c1028576
_d1028576